| 000 | 00969 a2200229 4500 | ||
|---|---|---|---|
| 005 | 20260313142252.0 | ||
| 008 | 260313b |||||||| |||| 00| 0 eng d | ||
| 020 | _a9788195190430 (hbk) | ||
| 037 | _cTB | ||
| 040 |
_aCRL _cCRL |
||
| 041 |
_2hin _ahin |
||
| 084 |
_aO152,3N247x R1 _qCRL |
||
| 245 | _aरामदरश मिश्र के संस्मरण सुरभित स्मृतियाँ | ||
| 260 |
_aदिल्ली, भारत: _bहंस प्रकाशन, _c2021. |
||
| 300 | _a123पृ. | ||
| 365 |
_b395.00 _cINR |
||
| 490 | _aलॉक डाउन लेखन - श्रंखला | ||
| 650 | _aहिन्दी कहानी | ||
| 700 |
_aमिश्र, स्मिता _eसम्पादक _9863533 |
||
| 942 |
_cTB _2CC _hO152,3N247x R1 |
||
| 999 |
_c1467442 _d1467442 |
||